000 02084nam a2200433 c 4500
003 BLK
005 20250319174656.0
008 180409b bul|||||r ||||||| ||bul||
010 _aKNG00123596000
020 _a978-954-07-3009-7
_bиздат.: Унив. изд. Св. Климент Охридски
040 _aBLK
041 _aBUL
_cBUL
072 7 _2bullib
_aН37
_xОбразование. Педагогика Н
080 _aВъзпитание на специални национални групи, на малцинства - Възпитание на расово и езиково различни групи, на неграмотни и др.
_b376.7
_x.04
_z376.7.04
080 _aПедагогическа психология
_b37.015.3
_x
_z37.015.3
100 1 _aДимитров, Иван Тонев
_eпърви автор
_9299302
139 _aДимитров, Иван Тонев
_bД 58
245 1 0 _aЕтнокултурна среда и психосоциално развитие
_cИван Тонев Димитров.
257 _aBGR
260 София
_bУнив. изд. Св. Климент Охридски
_c2010
300 _a256 с.
_bс табл., диагр.
_c21 см
380 _a3
500 _aБиблиогр. с. 236-255.
650 4 _aМалцинства - образование и просвета
_9284924
650 4 _aОбразование и просвета - социологични проблеми
_9255212
650 4 _aДетска и педагогическа психология
_9244538
653 _aмалцинства
653 _aобразование
653 _aдетска психология
653 _aпедагогическа психология
653 _aсоциологични проблеми
659 _aН
852 _aЦб 251956
856 4 _qpdf
_u
856 4 _qpdf
_u
942 _cKNG
_n0
_03
944 _aCR
_c16.06.2011
_k30575
_lМартин Енчев
944 _aED
_c01.06.2016
_kГеновева_Генчева
999 _c117995
_d117995